000 01192nam a22003377a 4500
001 02010045713
003 DO-SdBPM
005 20251117130708.0
007 ta
008 161213b 2009 sp a | |||| 00| 0 spa d
020 _a9788408086062
040 _aDO-SdBPM
_bspa
_cBPMSU
_erda
082 4 _a853.91
_b S857u 2009
_222
100 1 _aStilton, Geronimo
_eautor
_4aut.
240 1 _l
245 1 0 _a Un granizado de moscas para el conde /
_cGeronimo Stilton ; ilustraciones Emilio Campelli y Ricardo Crosa ; traducción, Manuel Manzano.
264 _aBarcelona :
_bDestino,
_c2009
300 _a117 páginas. :
_bilustraciones ;
_c20 cm.
336 _atexto
_btxt
_2rdacontent
337 _asin mediación
_bn
_2rdamedia
338 _avolumen
_bnc
_2rdacarrier
490 0 _a Humor y aventuras,38
_v
500 _aIncluye datos biográficos del autor en la solapa de la contracubierta.
590 _aInventariado, 2025/VM
650 7 _aCuentos infantiles italianos
650 7 _aRatones
_vCuentos infantiles
700 1 _aManzano, Manuel,
_etraductor
700 1 _aKeys, Larry,
_eilustraciones
910 _aVMateo V. Control de calidad. BPMSU
942 _2ddc
_cBK
999 _c15507
_d15507